Infrastructure development and the Indian economy / (Record no. 16715)

MARC details
000 -LEADER
fixed length control field 00922 a2200241 4500
005 - DATE AND TIME OF LATEST TRANSACTION
control field 20081014123653.0
008 - FIXED-LENGTH DATA ELEMENTS--GENERAL INFORMATION
fixed length control field 081014t xxu||||| |||| 00| 0 eng d
010 ## - LCCN (DPL NO)
LC control number ENG-91322
020 ## - INTERNATIONAL STANDARD BOOK NUMBER
International Standard Book Number 9788190655378
Terms of availability 880.00
035 ## - SYSTEM CONTROL NUMBER
System control number EN-74855
037 ## - SOURCE OF ACQUISITION
Source of stock number/acquisition DBAD / PUB
040 ## - CATALOGING SOURCE
Original cataloging agency dpl
Language of cataloging English
082 ## - DEWEY DECIMAL CLASSIFICATION NUMBER
Classification number 338.954
100 ## - MAIN ENTRY--PERSONAL NAME
Personal name Dash, L.N.
245 ## - TITLE STATEMENT
Title Infrastructure development and the Indian economy /
Statement of responsibility, etc by L.N. Dash
260 ## - PUBLICATION, DISTRIBUTION, ETC. (IMPRINT)
Place of publication, distribution, etc New Delhi
Name of publisher, distributor, etc Regal Publications
Date of publication, distribution, etc 2008
270 ## - ADDRESS
Address F-159, Rajouri Garden,
State or province New Delhi
Postal code 110027
300 ## - PHYSICAL DESCRIPTION
Extent xv, 267p.
Dimensions 22 cm (Hb)
500 ## - GENERAL NOTE
General note Includes bibliographical references and index
651 ## - SUBJECT ADDED ENTRY--GEOGRAPHIC NAME
Geographic name India
General subdivision Economic conditions
Chronological subdivision 1947-
942 ## - ADDED ENTRY ELEMENTS (KOHA)
Institution code [OBSOLETE] dpl
Item type English Books
Source of classification or shelving scheme Dewey Decimal Classification
Call number suffix DAS
Classification part 338.954
Holdings
Withdrawn status Lost status Source of classification or shelving scheme Damaged status Not for loan Collection code Home library Current library Date acquired Source of acquisition Cost, normal purchase price Total Checkouts Full call number Barcode Date last seen Copy number Cost, replacement price Koha item type
    Dewey Decimal Classification   Not For Loan Non-fiction D.B.Act.Division D.B.Act.Division 14/10/2008 DBAD / PUB 880.00   338.954 DAS EN-74855 14/10/2008 1 880.00 English Books

© Delhi Public Library
Hit Counter
free hit counter